|
|
|
|
| LEADER |
01241nam a2200337 a 4500 |
| 001 |
c000332627 |
| 003 |
CARM |
| 005 |
20020729205117.0 |
| 008 |
790103s1978 enk b 001 0 eng |
| 015 |
|
|
|a GB***
|
| 019 |
1 |
|
|a 22607243
|z 1321333
|z 21694823
|z 23865284
|z 58058085
|z 57017607
|5 LACONCORD2021
|
| 020 |
|
|
|a 0333158407 :
|c £8.95
|
| 020 |
|
|
|a 0333158407
|
| 035 |
|
|
|a (OCoLC)3791885
|5 LACONCORD2021
|
| 040 |
|
|
|a LC
|b eng
|c LC
|d ABN-SNR
|
| 043 |
|
|
|a e-gx---
|
| 050 |
0 |
0 |
|a PT405
|b .R46 1978b
|
| 050 |
|
4 |
|a PT405
|b .R46 1978
|
| 082 |
0 |
4 |
|a 830/.9
|
| 100 |
1 |
|
|a Reiss, Hans Siegbert.
|
| 245 |
1 |
4 |
|a The writer's task from Nietzsche to Brecht /
|c Hans Reiss.
|
| 260 |
|
|
|a London :
|b Macmillan,
|c 1978.
|
| 300 |
|
|
|a xiv, 221 p. ;
|c 23 cm.
|
| 500 |
|
|
|a Includes index.
|
| 504 |
|
|
|a Bibliography : p. [208]-216.
|
| 650 |
|
0 |
|a German literature
|y 20th century
|x History and criticism.
|
| 650 |
|
0 |
|a German literature
|y 19th century
|x History and criticism.
|
| 650 |
|
0 |
|a Arts and society
|x In literature.
|
| 852 |
8 |
|
|b CARM
|h A1:AM21G0
|i B09529
|p 0431346
|f BK
|
| 999 |
f |
f |
|i 5e3ff945-962a-51f9-8af0-3741e18e76ca
|s 35fe2aa7-ae59-5e21-ba64-df552b061377
|
| 952 |
f |
f |
|p Can circulate
|a CAVAL
|b CAVAL
|c CAVAL
|d CARM 1 Store
|e B09529
|f A1:AM21G0
|h Other scheme
|i book
|m 0431346
|